Svetová obchodná organizácia

Činnosť a štruktúra WTO. Dohoda o technických prekážkach obchodu. Dohoda o aplikácii zdravotníckych a fytosanitárnych opatrení. Národné informačné stredisko. Prehľad notifikácií WTO uverejnených v septembri 1995.

Salvato in:
Dettagli Bibliografici
Natura: Capitolo di libro
Lingua:slovacco
Soggetti:
Tags: Aggiungi Tag
Nessun Tag, puoi essere il primo ad aggiungerne!!

MARC

LEADER 00000naa a2200000 4500
001 r020486
005 20221213101124.5
041 0 |a slo 
044 |a SK 
245 1 0 |a Svetová obchodná organizácia 
520 |a Činnosť a štruktúra WTO. Dohoda o technických prekážkach obchodu. Dohoda o aplikácii zdravotníckych a fytosanitárnych opatrení. Národné informačné stredisko. Prehľad notifikácií WTO uverejnených v septembri 1995. 
610 2 0 |a obchod zahraničný 
610 2 0 |a Svetová obchodná organizácia 
610 2 0 |a dohody obchodné medzinárodné 
610 2 0 |a politika obchodná 
610 2 0 |a legislatíva 
610 2 0 |a notifikácia